000 00465nam a2200169Ia 4500
008 230917s9999||||xx |||||||||||||| ||und||
020 _cRS 765.00
040 _e5015223
_aMAIN
041 _aEnglish
082 _a338.4791 R61T
100 _aRoday, Sunetra
245 0 _aTourism: Operations and management
260 _aNew Delhi
_bOxford University Press
_c2020
300 _ax, 502 p.
500 _a4084 29/09/2021 HBD22/8982 12/11/2021 IHTM (SFS)
942 _cBK
999 _c2410
_d2410